<?xml version="1.0" encoding="UTF-8"?><marc:collection xmlns:marc="http://www.loc.gov/MARC21/slim">
  <marc:record>
    <marc:leader>02124cam a22004932c 4500</marc:leader>
    <marc:controlfield tag="001">080172059</marc:controlfield>
    <marc:controlfield tag="003">DE-603</marc:controlfield>
    <marc:controlfield tag="005">20170927011158.0</marc:controlfield>
    <marc:controlfield tag="007">tu</marc:controlfield>
    <marc:controlfield tag="008">990726s1979    xx ||||  |   u00| u|ger  </marc:controlfield>
    <marc:datafield tag="015" ind1=" " ind2=" ">
      <marc:subfield code="a">79,A46,0597</marc:subfield>
      <marc:subfield code="2">dnb</marc:subfield>
    </marc:datafield>
    <marc:datafield tag="016" ind1="7" ind2=" ">
      <marc:subfield code="2">DE-101</marc:subfield>
      <marc:subfield code="a">790421283</marc:subfield>
    </marc:datafield>
    <marc:datafield tag="020" ind1=" " ind2=" ">
      <marc:subfield code="a">3492024858</marc:subfield>
      <marc:subfield code="c">Pp. : DM 34.00</marc:subfield>
    </marc:datafield>
    <marc:datafield tag="035" ind1=" " ind2=" ">
      <marc:subfield code="a">(DE-599)DNB790421283</marc:subfield>
    </marc:datafield>
    <marc:datafield tag="035" ind1=" " ind2=" ">
      <marc:subfield code="a">(OCoLC)06356863</marc:subfield>
    </marc:datafield>
    <marc:datafield tag="040" ind1=" " ind2=" ">
      <marc:subfield code="a">DE-603</marc:subfield>
      <marc:subfield code="b">ger</marc:subfield>
      <marc:subfield code="c">DE-603</marc:subfield>
      <marc:subfield code="d">DE-603</marc:subfield>
    </marc:datafield>
    <marc:datafield tag="041" ind1=" " ind2=" ">
      <marc:subfield code="a">ger</marc:subfield>
    </marc:datafield>
    <marc:datafield tag="082" ind1="7" ind2=" ">
      <marc:subfield code="8">1\p</marc:subfield>
      <marc:subfield code="a">952.04</marc:subfield>
      <marc:subfield code="2">oc/lc</marc:subfield>
    </marc:datafield>
    <marc:datafield tag="084" ind1=" " ind2=" ">
      <marc:subfield code="a">15a</marc:subfield>
      <marc:subfield code="a">06a</marc:subfield>
      <marc:subfield code="a">05b</marc:subfield>
      <marc:subfield code="q">DE-101</marc:subfield>
      <marc:subfield code="2">sdnb</marc:subfield>
    </marc:datafield>
    <marc:datafield tag="084" ind1=" " ind2=" ">
      <marc:subfield code="a">RR 73053</marc:subfield>
      <marc:subfield code="0">(DE-625)142454:12600</marc:subfield>
      <marc:subfield code="0">(DE-603)411909290</marc:subfield>
      <marc:subfield code="2">rvk</marc:subfield>
    </marc:datafield>
    <marc:datafield tag="084" ind1=" " ind2=" ">
      <marc:subfield code="a">RR 73012</marc:subfield>
      <marc:subfield code="0">(DE-625)142454:12583</marc:subfield>
      <marc:subfield code="0">(DE-603)411909126</marc:subfield>
      <marc:subfield code="2">rvk</marc:subfield>
    </marc:datafield>
    <marc:datafield tag="084" ind1=" " ind2=" ">
      <marc:subfield code="a">MH 48000</marc:subfield>
      <marc:subfield code="0">(DE-625)122901:12034</marc:subfield>
      <marc:subfield code="0">(DE-603)410614521</marc:subfield>
      <marc:subfield code="2">rvk</marc:subfield>
    </marc:datafield>
    <marc:datafield tag="084" ind1=" " ind2=" ">
      <marc:subfield code="a">RR 73065</marc:subfield>
      <marc:subfield code="0">(DE-625)142454:12605</marc:subfield>
      <marc:subfield code="0">(DE-603)411909347</marc:subfield>
      <marc:subfield code="2">rvk</marc:subfield>
    </marc:datafield>
    <marc:datafield tag="100" ind1="1" ind2=" ">
      <marc:subfield code="a">Dambmann, Gerhard</marc:subfield>
      <marc:subfield code="d">1927-</marc:subfield>
      <marc:subfield code="0">(DE-603)150038534</marc:subfield>
      <marc:subfield code="0">(DE-588)116019824</marc:subfield>
      <marc:subfield code="2">gnd</marc:subfield>
    </marc:datafield>
    <marc:datafield tag="245" ind1="1" ind2="0">
      <marc:subfield code="a">25mal Japan</marc:subfield>
      <marc:subfield code="b">Weltmacht als Einzelgänger</marc:subfield>
      <marc:subfield code="c">Gerhard Dambmann</marc:subfield>
    </marc:datafield>
    <marc:datafield tag="246" ind1="1" ind2="3">
      <marc:subfield code="a">Fünfundzwanzigmal Japan</marc:subfield>
    </marc:datafield>
    <marc:datafield tag="264" ind1=" " ind2="1">
      <marc:subfield code="a">München &#152;[u.a.]&#156;</marc:subfield>
      <marc:subfield code="b">Piper</marc:subfield>
      <marc:subfield code="c">1979</marc:subfield>
    </marc:datafield>
    <marc:datafield tag="300" ind1=" " ind2=" ">
      <marc:subfield code="a">337 S.</marc:subfield>
      <marc:subfield code="b">Ill., Kt.</marc:subfield>
      <marc:subfield code="c">21 cm</marc:subfield>
    </marc:datafield>
    <marc:datafield tag="490" ind1="0" ind2=" ">
      <marc:subfield code="a">Piper-Panoramen der Welt</marc:subfield>
    </marc:datafield>
    <marc:datafield tag="650" ind1=" " ind2="7">
      <marc:subfield code="a">Landeskunde</marc:subfield>
      <marc:subfield code="0">(DE-588)4073972-7</marc:subfield>
      <marc:subfield code="0">(DE-603)085208191</marc:subfield>
      <marc:subfield code="2">gnd</marc:subfield>
    </marc:datafield>
    <marc:datafield tag="650" ind1=" " ind2="7">
      <marc:subfield code="a">Verantwortungsethik</marc:subfield>
      <marc:subfield code="0">(DE-588)4236475-9</marc:subfield>
      <marc:subfield code="0">(DE-603)086237551</marc:subfield>
      <marc:subfield code="2">gnd</marc:subfield>
    </marc:datafield>
    <marc:datafield tag="650" ind1=" " ind2="7">
      <marc:subfield code="a">Konsens</marc:subfield>
      <marc:subfield code="0">(DE-588)4010504-0</marc:subfield>
      <marc:subfield code="0">(DE-603)085020907</marc:subfield>
      <marc:subfield code="2">gnd</marc:subfield>
    </marc:datafield>
    <marc:datafield tag="650" ind1=" " ind2="7">
      <marc:subfield code="a">Kommunikation</marc:subfield>
      <marc:subfield code="0">(DE-588)4031883-7</marc:subfield>
      <marc:subfield code="0">(DE-603)085084581</marc:subfield>
      <marc:subfield code="2">gnd</marc:subfield>
    </marc:datafield>
    <marc:datafield tag="650" ind1=" " ind2="7">
      <marc:subfield code="a">Weltethos</marc:subfield>
      <marc:subfield code="0">(DE-588)4241440-4</marc:subfield>
      <marc:subfield code="0">(DE-603)086268562</marc:subfield>
      <marc:subfield code="2">gnd</marc:subfield>
    </marc:datafield>
    <marc:datafield tag="650" ind1=" " ind2="7">
      <marc:subfield code="a">Versöhnung</marc:subfield>
      <marc:subfield code="0">(DE-588)4063213-1</marc:subfield>
      <marc:subfield code="0">(DE-603)085177113</marc:subfield>
      <marc:subfield code="2">gnd</marc:subfield>
    </marc:datafield>
    <marc:datafield tag="650" ind1=" " ind2="7">
      <marc:subfield code="a">Philosophie</marc:subfield>
      <marc:subfield code="0">(DE-588)4045791-6</marc:subfield>
      <marc:subfield code="0">(DE-603)08512821X</marc:subfield>
      <marc:subfield code="2">gnd</marc:subfield>
    </marc:datafield>
    <marc:datafield tag="650" ind1=" " ind2="7">
      <marc:subfield code="a">Kulturkonflikt</marc:subfield>
      <marc:subfield code="0">(DE-588)4127656-5</marc:subfield>
      <marc:subfield code="0">(DE-603)085439673</marc:subfield>
      <marc:subfield code="2">gnd</marc:subfield>
    </marc:datafield>
    <marc:datafield tag="651" ind1=" " ind2="7">
      <marc:subfield code="a">Japan</marc:subfield>
      <marc:subfield code="0">(DE-588)4028495-5</marc:subfield>
      <marc:subfield code="0">(DE-603)085075337</marc:subfield>
      <marc:subfield code="2">gnd</marc:subfield>
    </marc:datafield>
    <marc:datafield tag="651" ind1=" " ind2="7">
      <marc:subfield code="a">Japan</marc:subfield>
      <marc:subfield code="2">local</marc:subfield>
    </marc:datafield>
    <marc:datafield tag="924" ind1="0" ind2=" ">
      <marc:subfield code="9">30/50</marc:subfield>
      <marc:subfield code="a">(DE-603)1007579161</marc:subfield>
      <marc:subfield code="b">DE-30-50</marc:subfield>
      <marc:subfield code="c">HES</marc:subfield>
      <marc:subfield code="d">d</marc:subfield>
      <marc:subfield code="g">82/EI 7848 D156</marc:subfield>
    </marc:datafield>
    <marc:datafield tag="924" ind1="0" ind2=" ">
      <marc:subfield code="9">17</marc:subfield>
      <marc:subfield code="a">(DE-603)1069816248</marc:subfield>
      <marc:subfield code="b">DE-17</marc:subfield>
      <marc:subfield code="c">HES</marc:subfield>
      <marc:subfield code="d">c</marc:subfield>
      <marc:subfield code="g">79/4103</marc:subfield>
    </marc:datafield>
    <marc:datafield tag="924" ind1="0" ind2=" ">
      <marc:subfield code="9">123</marc:subfield>
      <marc:subfield code="a">(DE-603)224175963</marc:subfield>
      <marc:subfield code="b">DE-123</marc:subfield>
      <marc:subfield code="c">HES</marc:subfield>
      <marc:subfield code="d">c</marc:subfield>
      <marc:subfield code="g">-Mag- D 9530</marc:subfield>
    </marc:datafield>
    <marc:datafield tag="924" ind1="0" ind2=" ">
      <marc:subfield code="9">34/24</marc:subfield>
      <marc:subfield code="a">(DE-603)416889182</marc:subfield>
      <marc:subfield code="b">DE-34-24</marc:subfield>
      <marc:subfield code="c">HES</marc:subfield>
      <marc:subfield code="d">c</marc:subfield>
      <marc:subfield code="g">25 pol H 9.8 JAP 033</marc:subfield>
    </marc:datafield>
    <marc:datafield tag="924" ind1="0" ind2=" ">
      <marc:subfield code="9">26</marc:subfield>
      <marc:subfield code="a">(DE-603)763165255</marc:subfield>
      <marc:subfield code="b">DE-26</marc:subfield>
      <marc:subfield code="c">HES</marc:subfield>
      <marc:subfield code="d">c</marc:subfield>
      <marc:subfield code="g">20.530.37</marc:subfield>
    </marc:datafield>
  </marc:record>
</marc:collection>
